000 006640000a22001810004500
003 MACL
005 20160506160905.0
008 160506b xxu||||| |||| 00| 0 eng d
040 _aMACL
_cMACL
041 _aHindi
082 _a800 SAH
100 _aसाहा, मधुसूदन
_955506
245 _aसमकालीन ओडिया और हिन्‍दी कथा साहित्‍य
_bअस्मिता की खोज
_cमधुसूदन साहर
260 _bअमिता प्रकाशन
_c2005
_aगाजियाबाद
350 _a135
650 _aLiterature
_955507
942 _cHIN
_k800/SAH
_2ddc
999 _c41641
_d41641